Vytváření profilů uživatelů odborných informací

Bibliographic Details
Main Author: Wiesenberger, Ivan (Author)
Format: Book
Language:Czech
PhysicalDescription:60 s. lit., grafy
Published: Praha Ústav vědeckých, technických a ekonomických informací 1974
Series:Metodické letáky
Subjects:

MARC

LEADER 00000nam a22000001a 4500
001 vtls009851844
003 SK-MaSNL
005 20260301025720.0
008 251106s1974 xr r 000 p cze
035 |a (SVKBBclas03)vtls000242424 
040 |a SNK  |b slo  |c SNK  |e AACR2 
041 0 |a cze 
044 |a xr  |c CZ 
080 |a 002.001  |2 1981 
100 1 |a Wiesenberger, Ivan  |4 aut  |9 322217 
245 1 0 |a Vytváření profilů uživatelů odborných informací  |c Ivan Wiesenberger 
260 |a Praha  |b Ústav vědeckých, technických a ekonomických informací  |c 1974 
300 |a 60 s.  |b lit., grafy 
366 |e 1800 výtisků 
490 1 |a Metodické letáky 
504 |a Literatúra na s. 48 
650 0 7 |a informácie  |2 hŠVKBB  |9 1285 
650 0 7 |a prieskumy užívateľov  |2 hŠVKBB  |9 322218 
830 0 |a Metodické letáky  |9 322219 
852 |a Slovenská národná knižnica v Martine  |b 10000  |h IC 58676 
958 |a OND 
999 |c 573166  |d 575096 
952 |a SNK  |b SNK  |y VYP  |7 0  |p 17A1316300  |o snkIC 58676  |i snkKIP 8977/74  |8 0  |0 0  |1 0  |4 0  |d 2021-01-15  |l 0  |r 2026-02-23 14:23:12  |w 2026-02-23 
952 |a SNK  |b SNK  |y VYP  |7 0  |p 17A1316274  |o snkIC 58676 D5  |i snkK 2959/74  |8 3  |0 0  |1 1  |4 0  |d 2021-01-15  |l 0  |r 2026-02-23 14:23:12  |w 2026-02-23 
952 |a SNK  |b SNK  |y VYP  |7 0  |p 17A1316376  |o snkIC 58676 D6  |i snkK 2960/74  |8 3  |0 0  |1 1  |4 0  |d 2021-01-15  |l 0  |r 2026-02-23 14:23:12  |w 2026-02-23